| 000 -CABECERA |
| Longitud fija campo de control |
00413nam a2200157 a 4500 |
| 001 - NÚMERO DE CONTROL |
| Número de control |
382 |
| 003 - IDENTIFICADOR DEL NÚMERO DE CONTROL |
| Identificador del número de control |
CDMR |
| 005 - FECHA Y HORA DE LA ÚLTIMA TRANSACCIÓN |
| Fecha y hora de la última transacción |
20151022113002.0 |
| 008 - CÓDIGOS DE INFORMACIÓN DE LONGITUD FIJA |
| Códigos de información de longitud fija |
130130s2008||||||||||||||||||||||||||||d |
| 040 ## - FUENTE DE LA CATALOGACIÓN |
| Centro catalogador de origen |
CDMR |
| Lengua de catalogación |
cat |
| Centro transcriptor |
CPC LLEIDA |
| 110 2# - PUNTO DE ACCESO PRINCIPAL-NOMBRE DE ENTIDAD CORPORATIVA |
| 9 (RLIN) |
264 |
| Nombre de entidad corporativa o nombre de jurisdicción como elemento inicial |
Cadena SER |
| 245 10 - MENCIÓN DE TÍTULO |
| Título |
Cadena SER Anuari 2008 |
| Mención de responsabilidad, etc. |
Cadena SER |
| 260 ## - PUBLICACIÓN, DISTRIBUCIÓN, ETC. (PIE DE IMPRENTA) |
| Lugar de publicación, distribución, etc. |
Barcelona |
| Fecha de publicación, distribución, etc. |
2008 |
| Nombre del editor, distribuidor, etc. |
Societat Espanyola de Radiodifusió |
| 300 ## - DESCRIPCIÓN FÍSICA |
| Dimensiones |
Inclou CD |
| Material anejo |
1 CD |
| 942 ## - ENTRADA DE ELEMENTOS AGREGADOS (KOHA) |
| Koha [por defecto] tipo de item |
Monografies |
| Fuente de clasificaión o esquema |
|